000 01026nas a2200301 4500
001 BR8500909
003 BR-BrBNA
005 20231205090124.0
007 ta
008 230509b bl.|||p| |||| 00| 00por d
040 _aBR-BrBNA
_bpor
_cBiblioteca Nacional de Agricultura
041 _a(Pt)
072 _aF50
100 1 _aDionello-Basta, S.B.
100 1 _aBasta, F.
245 1 _aEstudos morfologicos das sementes e do desenvolvimento das plantulas de Kielmeyera Coriacea Mart [pau santo, cerrado, Brasil]
246 1 _aMorfological studies on seeds and seedling development of Kielmeyera Coriacea Mart ["pau santo", cerrado, Brazil]
650 _aSEMENTE
650 _aMORFOLOGIA VEGETAL
650 _aPLANTULA
650 _aPAU SANTO
650 _aCERRADO
650 _aANATOMIA VEGETAL
650 _aDESENVOLVIMENTO FLORESTAL
773 0 _tBrasil Florestal (Brazil)
_xISSN 0045-270X
_g(Apr-Jun 1984), v. 13(58) p. 25-30
_wBR8500909
909 _a202311
_bLúcia
_c55
_dLúcia Elande
942 _2AGRIS
_n0
_cANA
999 _c116268
_d116268